| 000 | 00551cam a2200205ua 4500 | ||
|---|---|---|---|
| 001 | 9775 | ||
| 005 | 20260515114524.0 | ||
| 008 | 160826n ii |||gr||||Z||||||asm | ||
| 040 | _cMAIN | ||
| 041 | _aasm | ||
| 082 | _a305.8 | ||
| 100 |
_aPegu, Ganesh, _eAuthor. |
||
| 245 |
_aBrahmaputra upatyakar Missing janajati aru teolokar moukhik sahityar samikhatmak adhyan _cBy Ganesh Pegu |
||
| 250 | _a1st ed. | ||
| 260 |
_aGuwahati: _bN.L. publications, _c2010. |
||
| 300 | _a251p. | ||
| 653 | _aSocial groups | ||
| 653 | _aMissing tribes | ||
| 942 | _cBK | ||
| 999 |
_c8777 _d8777 |
||